Normal view MARC view

Entry Topical Term

Number of records used in: 1

001 - CONTROL NUMBER

  • control field: 1836

003 - CONTROL NUMBER IDENTIFIER

  • control field: DLC

005 - DATE AND TIME OF LATEST TRANSACTION

  • control field: 20200514102527.0

008 - FIXED-LENGTH DATA ELEMENTS

  • fixed length control field: 860211|| anannbab| |b ana |||

010 ## - LIBRARY OF CONGRESS CONTROL NUMBER

  • LC control number: sh 85147616

040 ## - CATALOGING SOURCE

  • Original cataloging agency: DLC
  • Transcribing agency: DLC

053 ## - LC CLASSIFICATION NUMBER

  • Classification number element--single number or beginning number of span: BP135.8.W6

150 #0 - HEADING--TOPICAL TERM

  • Topical term or geographic name entry element: Religion
  • Form subdivision: Other religions
  • General subdivision: Islam, Babism & Bahai Faith

550 #0 - SEE ALSO FROM TRACING--TOPICAL TERM

  • Control subfield: g
  • Topical term or geographic name entry element: Hadith

550 #0 - SEE ALSO FROM TRACING--TOPICAL TERM

  • Control subfield: g
  • Topical term or geographic name entry element: Women in Islam

Powered by Koha